Statistics for U Vocabulary Words Quiz #1

Click here to take the quiz!

General Stats

  • This quiz has been taken 34,231 times
    (13,180 since last reset)
  • The average score is 16 of 22

Answer Stats

DefinitionWord% Correct
Opposite of ruralUrban
98%
One of a kindUnique
95%
Radioactive elementUranium
94%
Baseball officialUmpire
93%
Vessel for storing human ashesUrn
89%
WombUterus
88%
Where a cow makes milkUdder
87%
HadesThe {Underworld}
84%
World where everything works
in perfect harmony
Utopia
84%
Street child or spiny sea creatureUrchin
83%
Wavelength of light just beyond
the visible spectrum
Ultraviolet
82%
The sum of everything in the cosmosUniverse
80%
Bone of the forearmUlna
67%
To unlawfully seize authorityUsurp
59%
Related to bearsUrsine
57%
Slang for vomitUpchuck
56%
To stuff or cover furnitureUpholster
53%
One of the five basic tastes –
a meaty or savory flavor
Umami
53%
Japanese noodle, usually served in soupUdon
52%
The dots of this ÜUmlaut
49%
Lending money at exorbitant rates of interestUsury
30%
To shriek like ululululu....Ululate
23%

Score Distribution

Percentile by Number Answered

Percent of People with Each Score

Your Score History

You have not taken this quiz since the last reset